000 00433nam a2200157Ia 4500
008 210210b1991 xxu||||| |||| 00| 0 eng d
020 _a0 07 451716 3
082 _a621.381 KHAM
100 _aKHANDPUR (R S).
245 _aModern electronic equipment.
260 _aNew Delhi.
_bT M H
_c1991
300 _aix,217
650 _aElectronic Equipments Troubleshooting Repair, Maintenance
690 _aElectronics
906 _a045573
999 _c95047
_d95047